Introducción al derecho /

Guardado en:
Autor Principal: Latorre, Angel
Formato: Desconocido
Idioma:Spanish
Publicado: Barcelona : Ariel, 1971
Edición:3a. ed.
Series:Ariel quincenal 2
Materias:
Etiquetas: Agregar Etiqueta
Sin Etiquetas, Sea el primero en etiquetar este registro!
LEADER 00430nac a22001575a 4500
001 DER.der001601
008 180615s1971####sp#||||||||||||||#||spa||
005 20250203105017.0
245 1 0 |a Introducción al derecho /  |c Angel Latorre 
250 |a 3a. ed. 
260 |a Barcelona :  |b Ariel,  |c 1971 
300 |a 235 p. 
440 0 |a Ariel quincenal  |v 2 
100 1 |a Latorre, Angel 
650 7 |a DERECHO 
859 |a DERECHO  |b BIB. DERECHO  |h 340.11  |i LAT  |p 003664